<The> Cambridge Economic History of Europe Vol.7. The Industrial Economics. Capital, Labour, and Enterprise
Salvato in:
| Altri autori: | , |
|---|---|
| Natura: | Libro |
| Lingua: | inglese |
| Pubblicazione: |
Cambridge
University Press
1978
|
| Edizione: | 1. ed. |
| Tags: |
Nessun Tag, puoi essere il primo ad aggiungerne!!
|
MARC
| LEADER | 00000nam a2200000 4500 | ||
|---|---|---|---|
| 001 | c027876 | ||
| 005 | 20221220101438.4 | ||
| 041 | 0 | |a eng | |
| 044 | |a GB | ||
| 245 | 1 | 0 | |a <The> Cambridge Economic History of Europe |b Vol.7. The Industrial Economics. Capital, Labour, and Enterprise |c Edit. Peter Mathias, M.M. Postan |
| 250 | |a 1. ed. | ||
| 264 | 1 | |a Cambridge |b University Press |c 1978 | |
| 300 | |a 832 s. | ||
| 700 | 1 | |a Mathias, Peter | |
| 700 | 1 | |a Postan, M.M. | |